000 00883nas a2200277 4500
001 BR0202265
003 BR-BrBNA
005 20231205102923.0
007 ta
008 230509b bl.|||p| |||| 00| 00por d
040 _aBR-BrBNA
_bpor
_cBiblioteca Nacional de Agricultura
041 _a(Pt)
072 _aP34
100 1 _aKonrad, E.E.
100 1 _aCastilhos, D.D.
245 1 _aAtividade microbiana em um planossolo após a adição de resíduos de curtume
650 _aPLANOSSOLO
650 _aCURTUME
650 _aMICRORGANISMO
650 _aBIODEGRADAÇÃO
650 _aMICROBIOLOGIA DO SOLO
773 0 _tRevista Brasileira de Agrociência (Brazil)
_xISSN 0104-8996
_g(May-Aug 2001), v. 7(2) p. 131-135
_wBR0202265
856 4 0 _uhttp://www.ufpel.tche.br/faem/agrociencia/v7n2/artigo11.pdf
909 _a202311
_bLúcia
_c55
_dLúcia Elande
942 _2AGRIS
_n0
_cANA
999 _c170061
_d170061